Accounting for business studies / (Record no. 5354)

MARC details
000 -LEADER
fixed length control field 00567cac a22001931u 4500
090 ## - LOCALLY ASSIGNED LC-TYPE CALL NUMBER (OCLC); LOCAL CALL NUMBER (OCLC)
-- 5354
008 - FIXED-LENGTH DATA ELEMENTS--GENERAL INFORMATION
fixed length control field 081113t 2003xxu||||| |||| 00| 0 eng d
010 ## - LIBRARY OF CONGRESS CONTROL NUMBER
LC control number 008385805
020 ## - INTERNATIONAL STANDARD BOOK NUMBER
International Standard Book Number 0750658347 (pbk)
082 ## - DEWEY DECIMAL CLASSIFICATION NUMBER
Classification number 657
Item number OWE
245 ## - TITLE STATEMENT
Title Accounting for business studies /
Statement of responsibility, etc Aneirin Sion Owen.
260 ## - PUBLICATION, DISTRIBUTION, ETC. (IMPRINT)
Place of publication, distribution, etc Amsterdam ; Oxford :
Name of publisher, distributor, etc Elsevier Butterworth-Heinemann,
Date of publication, distribution, etc 2003.
260 ## - PUBLICATION, DISTRIBUTION, ETC. (IMPRINT)
Name of publisher, distributor, etc Distributer:Al-Ahram
300 ## - PHYSICAL DESCRIPTION
Extent ix, 430 p. :
Other physical details ill. ;
Dimensions 27 cm.
500 ## - GENERAL NOTE
General note Formerly CIP. Uk
504 ## - BIBLIOGRAPHY, ETC. NOTE
Bibliography, etc Includes index.
650 ## - SUBJECT ADDED ENTRY--TOPICAL TERM
Topical term or geographic name as entry element Accounting.
942 ## - ADDED ENTRY ELEMENTS (KOHA)
Item type Book - Borrowing
Call number prefix 657 OWE
Source of classification or shelving scheme Dewey Decimal Classification
Holdings
Withdrawn status Item status Source of classification or shelving scheme Damaged status Not for loan Home library Current library Shelving location Date acquired Source of acquisition Total Checkouts Full call number Barcode Date last seen Koha item type
    Dewey Decimal Classification     Central Library Central Library First floor 14/11/2007 Purchase   657 OWE 000006749 15/07/2025 Book - Borrowing